Nuestros vecinos justicialistas
Gardado en:
| Autor Principal: | |
|---|---|
| Formato: | Libro |
| Idioma: | Lingua castelá |
| Publicado: |
Santiago
Del Pacífico
1953
|
| Subjects: | |
| Tags: |
Engadir etiqueta
Sen Etiquetas, Sexa o primeiro en etiquetar este rexistro!
|
MARC
| LEADER | 00000nam a2200000 a 4500 | ||
|---|---|---|---|
| 001 | UCX4143 | ||
| 003 | CL-VaPUC | ||
| 008 | 920318e19530000CL |||||||||||||||||spa|d | ||
| 082 | 0 | 4 | |a 982.062 |b MAG |2 21 |
| 100 | |a Magnet Pagueguy, Alejandro |e autor |9 484267 | ||
| 245 | 1 | 0 | |a Nuestros vecinos justicialistas |
| 300 | |a 220 p | ||
| 942 | |c BK | ||
| 945 | |d 19920318 00:00:00 | ||
| 260 | |a Santiago |b Del Pacífico |c 1953 | ||
| 600 | 0 | 7 | |a PERON, JUAN DOMINGO |2 CL-VaPUC |9 320276 |
| 650 | 7 | |a PERONISMO |2 CL-VaPUC |9 320277 | |
| 650 | 7 | |a POLITICA Y GOBIERNO 1943 - 1955 |2 CL-VaPUC |9 320278 | |
| 651 | 0 | |a Argentina |9 254888 | |
| 583 | |a last modification |c 19920318 00:00:00 |k Rodrigo Vera | ||
| 999 | |c 224700 |d 224698 | ||
| 952 | |0 0 |1 0 |4 0 |6 982_062000000000000_MAG_1953 |7 0 |8 A |9 221569 |a BIBHIS |b BIBHIS |d 2019-11-15 |i 290361K |o 982.062 MAG 1953 |p 290361K |r 2025-01-20 |w 2019-11-15 |y BK |k HIS | ||
| 952 | |0 0 |1 0 |4 0 |6 982_062000000000000_MAG_1953 |7 0 |8 P |9 221570 |a BIBDER |b BIBDER |d 2019-11-15 |i 1802720 |o 982.062 MAG 1953 |p 1802720 |r 2023-01-25 |w 2019-11-15 |y BK |k DER | ||
| 952 | |0 0 |1 0 |4 0 |6 982_062000000000000_MAG_1953 |7 0 |8 A |9 221571 |a BIBHIS |b BIBHIS |d 2019-11-15 |i 125684K |o 982.062 MAG 1953 |p 125684K |r 2025-01-20 |w 2019-11-15 |y BK |k HIS | ||